01383nam a2200325 a 4500001001200000003000800012006001900020007001500039008004100054010001700095020001800112020002700130040002100157035002100178050002600199082001800225245011800243260007200361300002300433504005100456505014300507533015200650650002200802655002900824700002000853700002400873710001700897856012600914999001701040ebr10392281CaPaEBRm u cr cn|||||||||091103s2010 enka sb 001 0 eng  z 2009046373 z9781405179058 z9781444319606 (e-book) aCaPaEBRcCaPaEBR a(OCoLC)60503768614aRC848.H43bC65 2010eb04a616.3/62322200aClinical dilemmas in viral liver diseaseh[electronic resource] /cedited by Graham R. Foster, K. Rajender Reddy. aChichester, West Sussex ;aHoboken, N.J. :bWiley-Blackwell,c2010. axi, 260 p. :bill. aIncludes bibliographical references and index.0 apt. 1. Investigating the liver -- pt. 2. Today's therapies -- pt. 3. Clinical set-up -- pt. 4. The future -- pt. 5. Ongoing controversies. aElectronic reproduction.bPalo Alto, Calif. :cebrary,d2010.nAvailable via World Wide Web.nAccess may be limited to ebrary affiliated libraries. 0aHepatitis, Viral. 7aElectronic books.2local1 aFoster, Graham.1 aReddy, K. Rajender.2 aebrary, Inc.40uhttp://site.ebrary.com/lib/rucke/Doc?id=10392281zAn electronic book accessible through the World Wide Web; click to view c90345d90345